| 000 | 01475nam a2200373Ia 4500 | ||
|---|---|---|---|
| 001 | ebr10614679 | ||
| 003 | CaPaEBR | ||
| 006 | m u | ||
| 007 | cr cn||||||||| | ||
| 008 | 020731s2003 lau sb s001 0 eng | ||
| 010 | _z 2002012167 | ||
| 020 | _z0807128333 (pb. : alk. paper) | ||
| 020 | _z0807128309 (cloth : alk. paper) | ||
| 020 | _z9780807128336 | ||
| 020 | _z9780807152386 | ||
| 040 |
_aCaPaEBR _cCaPaEBR |
||
| 035 | _a(OCoLC)820840216 | ||
| 050 | 1 | 4 |
_aJC71.A7 _bB38 2003eb |
| 082 | 0 | 4 |
_a320/.01/1 _221 |
| 100 | 1 | _aBates, Clifford Angell. | |
| 245 | 1 | 0 |
_aAristotle's "best regime" _h[electronic resource] : _bkingship, democracy, and the rule of law / _cClifford Angell Bates, Jr. |
| 260 |
_aBaton Rouge : _bLouisiana State University Press, _cc2003. |
||
| 300 | _ax, 234 p. | ||
| 490 | 0 | _aPolitical traditions in foreign policy series | |
| 504 | _aIncludes bibliographical references (p. [217]-230) and index. | ||
| 533 |
_aElectronic reproduction. _bPalo Alto, Calif. : _cebrary, _d2011. _nAvailable via World Wide Web. _nAccess may be limited to ebrary affiliated libraries. |
||
| 600 | 0 | 0 |
_aAristotle _xPolitical and social views. |
| 600 | 0 | 0 |
_aAristotle. _tPolitics. _nBook 3. |
| 650 | 0 | _aDemocracy. | |
| 650 | 0 | _aRule of law. | |
| 655 | 7 |
_aElectronic books. _2local |
|
| 710 | 2 | _aebrary, Inc. | |
| 856 | 4 | 0 |
_uhttp://site.ebrary.com/lib/rucke/Doc?id=10614679 _zAn electronic book accessible through the World Wide Web; click to view |
| 999 |
_c204480 _d204480 |
||